|
|
|
|
| LEADER |
01066nam a2200241 a 4500 |
| 001 |
4430536 |
| 008 |
091008s1993 my abf b 000 0 eng d |
| 010 |
|
|
|a 93946333
|
| 020 |
|
|
|a 9679950808
|
| 040 |
|
|
|a DLC
|c DLC
|
| 082 |
0 |
4 |
|a 363.179
|2 20
|
| 245 |
0 |
0 |
|a Wasted lives :
|b radioactive poisoning in Bukit Merah.
|
| 260 |
|
|
|a Penang, Malaysia :
|b Consumers' Association of Penang,
|c c1993.
|
| 300 |
|
|
|a 132 p., [16] p. of plates :
|b ill., maps ;
|c 19 cm.
|
| 504 |
|
|
|a Includes bibliographical references (p. [122]-132).
|
| 541 |
1 |
|
|e 00006341
|
| 610 |
2 |
0 |
|a Asian Rare Earth Sdn Berhad.
|
| 650 |
|
0 |
|a Rare earth industry
|x Accidents
|z Malaysia
|z Bukit Merah (Perak)
|
| 650 |
|
0 |
|a Rare earth industry
|x Environmental aspects
|z Malaysia
|z Bukit Merah (Perak)
|
| 710 |
2 |
|
|a Consumer Association of Penang.
|
| 852 |
4 |
|
|a Ayesha Abed Library
|j General Shelf.
|
| 999 |
|
|
|c 4363
|d 4363
|
| 952 |
|
|
|0 0
|1 0
|2 ddc
|4 0
|6 363_179000000000000_WAS_1993
|7 0
|9 4056
|a BRACUL
|b BRACUL
|c GEN
|d 2009-10-10
|g 0.00
|l 0
|o 363.179 WAS
|p 3010006341
|r 2009-10-10
|t 1
|w 2009-10-10
|y BK
|x No price found in the accession register.
|